Segunda reunión conjunta de los seis comités intergubernamentales encargados de la aplicación de los convenios regionales sobre convalidación de estuidios, títulos y grados de enseñanza superior: informe final

Saved in:
Bibliografiske detaljer
Institution som forfatter: UNESCO (Author)
Format: Bog
Sprog:engelsk
spansk
Udgivet: París UNESCO 1998
Serier:Nuevos Documentos Sobre Educación Superior. Documentos de Reuniones, 13
Fag:
Tags: Tilføj Tag
Ingen Tags, Vær først til at tagge denne postø!

MARC

LEADER 00000nam a2200000 a 4500
001 UCO5660
003 CL-VaPUC
005 20220315074418.0
008 000908e19980000fr 1 eng d
041 0 7 |a eng  |2 CL-VaPUC 
041 0 7 |a spa  |2 CL-VaPUC 
082 0 4 |a 378.2  |b UNE  |2 21 
110 2 |a UNESCO  |e author  |9 619786 
245 1 0 |a Segunda reunión conjunta de los seis comités intergubernamentales encargados de la aplicación de los convenios regionales sobre convalidación de estuidios, títulos y grados de enseñanza superior: informe final 
260 |a París  |b UNESCO  |c 1998 
300 |a 136 p 
490 0 |a Nuevos Documentos Sobre Educación Superior. Documentos de Reuniones, 13 
583 |a last modification  |c 20000908 00:00:00  |k Rodrigo Vera 
650 0 0 |a Educación superior   |9 223851 
650 0 7 |a GRADOS ACADEMICOS  |2 CL-VaPUC  |9 257233 
650 0 0 |a Congresos  |9 257560 
942 |c BK 
945 |a rbrito  |d 20000908 00:00:00 
546 |a En Inglés 
546 |a En Español 
536 |a UNESCO 
518 |p Reunión Conjunta de los Seis Comités Intergubernamentales Encargados de la Aplicación de los Convenios Regionales sobre Convalidación de Estudios, Títulos y Grados de Enseñanza Superior, 2, París, 29 de septiembre al 2 de octubre de 1998 
999 |c 383586  |d 383584 
952 |0 0  |1 0  |4 0  |6 378_200000000000000_UNE_1998  |7 0  |8 P  |9 505749  |a BIBEDU  |b BIBEDU  |c BIBEDU_PB  |d 2020-01-23  |i 3644456  |o 378.2 UNE 1998  |p 3644456  |r 2020-01-23  |w 2020-01-23  |y BK  |k BME